书目信息 |
| 题名: |
新编平面构成
|
|
| 作者: | 洪兴宇 编著 | |
| 分册: | ||
| 出版信息: | 沈阳 辽宁美术出版社 2014.05 |
|
| 页数: | 134页 | |
| 开本: | 26cm | |
| 丛书名: | 新编构成基础丛书 | |
| 单 册: | ||
| 中图分类: | J061 | |
| 科图分类: | ||
| 主题词: | 平面构成 (艺术)--ping mian gou cheng ( yi shu ) | |
| 电子资源: | ||
| ISBN: | 978-7-5314-5970-5 | |
| 000 | 00911nam 2200277 450 | |
| 001 | CAL 0120141267137 | |
| 005 | 20150817150807.78 | |
| 010 | @a978-7-5314-5970-5@dCNY42.00 | |
| 100 | @a20140610d2014 em y0chiy50 ea | |
| 101 | 0 | @achi |
| 102 | @aCN@b210000 | |
| 105 | @aa z 000yy | |
| 106 | @ar | |
| 200 | 1 | @a新编平面构成@Axin bian ping mian gou cheng@f洪兴宇编著 |
| 210 | @a沈阳@c辽宁美术出版社@d2014.05 | |
| 215 | @a134页@c图 (部分彩图)@d26cm | |
| 225 | 2 | @a新编构成基础丛书@Axin bian gou cheng ji chu cong shu |
| 330 | @a本书分为三章, 主要内容包括: 概述 ; 平面构成的形态要素 ; 平面构成的形式等。 | |
| 410 | 0 | @12001 @a新编构成基础丛书 |
| 517 | 1 | @a平面构成@Aping mian gou cheng |
| 586 | @a | |
| 606 | 0 | @a平面构成 (艺术)@Aping mian gou cheng ( yi shu ) |
| 690 | @aJ061@v5 | |
| 701 | 0 | @a洪兴宇@Ahong xing yu@4编著 |
| 801 | 0 | @aCN@c20150820 |
| 905 | @a河南城建学院图书馆@dJ061@eH412@f3 | |
| 新编平面构成/洪兴宇编著.-沈阳:辽宁美术出版社,2014.05 |
| 134页:图 (部分彩图);26cm.-(新编构成基础丛书) |
| ISBN 978-7-5314-5970-5:CNY42.00 |
| 本书分为三章, 主要内容包括: 概述 ; 平面构成的形态要素 ; 平面构成的形式等。 |
| ● |
| 相关链接 |
|
|
|
正题名:新编平面构成
索取号:J061/H412
 
预约/预借
| 序号 | 登录号 | 条形码 | 馆藏地/架位号 | 状态 | 备注 |
| 1 | 1165710 | 211657107 | 社科库309/309社科库 63排3列6层/ [索取号:J061/H412] | 在馆 | |
| 2 | 1165711 | 211657116 | 社科库309/309社科库 63排3列6层/ [索取号:J061/H412] | 在馆 | |
| 3 | 1165712 | 211657125 | 自科二线404/309社科库 63排3列6层/ [索取号:J061/H412] | 在馆 |